25 ciudades más pobladas de Extremadura - Estadísticas

Estadísticas generales
  • Esta prueba ha sido intentada 2.536 veces
  • La puntuación promedio es 12 de 25
Estadísticas de respuestas
Pob. Municipio Provincia % Correcto
151 k Badajoz Badajoz
99%
96,4 k Cáceres Cáceres
99%
59,9 k Mérida Badajoz
97%
40,1 k Plasencia Cáceres
82%
37,8 k Don Benito Badajoz
78%
34,2 k Almendralejo Badajoz
69%
25,7 k Villanueva de la Serena Badajoz
69%
16,7 k Zafra Badajoz
65%
8,67 k Trujillo Cáceres
63%
17,0 k Navalmoral de la Mata Cáceres
56%
12,1 k Coria Cáceres
54%
11.7 k Olivenza Badajoz
46%
9,13 k Jerez de los Caballeros Badajoz
42%
15,2 k Montijo Badajoz
38%
12,4 k Villafranca de los Barros Badajoz
38%
9,37 k Miajadas Cáceres
33%
7,61 k Azuaga Badajoz
26%
6,72 k Jaraíz de la Vera Cáceres
26%
8,10 k Los Santos de Maimona Badajoz
22%
6,58 k Moraleja Cáceres
21%
6,61 k Fuente del Maestre Badajoz
17%
6,15 k Calamonte Badajoz
16%
5,85 k Puebla de la Calzada Badajoz
16%
7,27 k Talayuela Cáceres
14%
6,65 k Guareña Badajoz
13%
No se encontraron pruebas coincidentes
Distribución de puntuación
Porcentaje de gente con cada puntuación
Porcentaje por número respondido
Historial de tus puntuaciones
No has intentado esta prueba.